000
00441nam a2200145Ia 4500
008
100204s9999 xx 000 0 und d
082
_b
16536
100
_a
महाबळ अनिल
245
_a
पक्षी - दर्शन
260
_b
"जयदीप प्रकाशन, पुणे"
300
_a
79
630
_a
पक्षी - दर्शन
730
_a
पक्षी - दर्शन
942
_c
BOOK
999
_c
460959
_d
460956